[Event "Merida m"]
[Site "Merida"]
[Date "1996.??.??"]
[Round "5"]
[White "Kortschnoj, Viktor Lvovich"]
[Black "Hernandez Guerrero, Gilberto Eduardo"]
[Result "1-0"]
[WhiteElo "2635"]
[BlackElo "2560"]
[Annotator "Stohl,I"]
[PlyCount "71"]
[EventDate "1996.11.??"]
[EventType "match"]
[EventRounds "8"]
[EventCountry "MEX"]
[SourceTitle "CBM 056"]
[Source "ChessBase"]
[SourceDate "1997.02.01"]
[SourceVersion "1"]
[SourceVersionDate "1997.02.01"]
[SourceQuality "1"]

1. d4 Nf6 2. c4 c5 3. Nf3 cxd4 4. Nxd4 e5 5. Nb5 d5 {Although White has
avoided the Benoni and the Volga-gambit, Black has this sharp pawn sacrifice
at his disposal.} 6. cxd5 Bc5 7. N5c3 O-O 8. g3 $5 {Unusual. Mostly White plays
} (8. e3 e4 {[%csl Ge4,Rd5] when the K-side space advantage (strong Pe4) lead
in development and weakness of White's extra Pd5 give Black good compensation.
The text attempts to give this pawn better protection.}) (8. e4 $2 Ng4 $40) (8.
h3 e4 9. e3 Qe7 10. g4 h6 11. Nd2 Rd8 12. Qc2 Bb4 13. Bg2 Bxc3 14. bxc3 Na6 15.
O-O h5 16. Nxe4 Nxd5 17. Qe2 hxg4 18. hxg4 Be6 $44 {Shabtai,R-Tseitlin,MD/
ISR-ch Jerusalem/1996/}) 8... Ng4 $6 (8... Qb6 $5 9. e3 Bg4 10. Be2 Bxe2 $1 (
10... Bh3 11. a3 (11. Bf1 Bxf1 12. Kxf1 Nbd7 13. Kg2 Rad8 14. Qe2 e4 15. Nd2
Rfe8 16. a3 Qc7 17. Rb1 Qe5 18. Nc4 Qf5 19. b4 Bf8 20. Nb5 Nxd5 21. Nd4 Qg6 22.
Bb2 f5 23. f4 exf3+ 24. Qxf3 N7b6 {0-1,Kraschl,J-Weinzettl,E/AUT-chT 9495/1995/
}) (11. Rg1 $5 Bf5 12. a3 Rd8 13. b4 Bf8 14. g4 Bg6 15. g5 Ne8 16. e4 Nc6 17.
h4 Nxb4 18. axb4 Bxb4 19. Kf1 Nd6 20. Qd3 Rac8 21. Be3 Qc7 22. h5 Bxh5 23. Bxh5
Bxc3 24. Nxc3 Qxc3 25. Qxc3 Rxc3 26. Rxa7 $18 {Skulener,W-Cmiel,T/Porz-op28/
1992/}) 11... a5 12. Nd2 Nbd7 13. Nc4 Qd8 14. Bf3 b5 15. Nxb5 e4 16. Be2 Nb6
17. Nxb6 Qxb6 18. Nc3 Rfd8 19. Qa4 Nxd5 20. Nxe4 Nxe3 21. fxe3 Bxe3 22. Rf1
Bxf1 23. Kxf1 Rac8 24. Bxe3 Qxe3 25. Rd1 Re8 26. Bd3 Rcd8 27. Nf2 $16 {Seres,
L-Szieberth,A/Balatonbereny op/1996/}) 11. Qxe2 e4 12. O-O Bb4 13. Qc4 Re8 14.
Qd4 Nbd7 15. Qxb6 Nxb6 16. Rd1 Rad8 17. a3 Bf8 18. b3 Nfxd5 19. Bb2 f5 20. Ne2
Nf4 21. Nd4 Nd3 22. Bc3 g6 23. Ra2 Nd5 24. Ba1 Rc8 25. Nd2 Rc5 $17 {(),Hausner,
I-Rogers,I/Bohdanec/1994/}) (8... e4 $5 {The most logical continuation.} 9. Bg2
Bf5 (9... e3 10. f3 Na6 11. O-O Re8 12. Ne4 Bf5 13. Nbc3 Bxe4 14. fxe4 Bb6 15.
Rf4 Rc8 16. d6 Re6 17. e5 Rxe5 18. Bxb7 Rxc3 19. bxc3 Nc5 20. Bf3 Nce4 21. c4
Nf2 $132 {Varga,Zo-Sziebert,A/Budapest FS12 GM/1995/}) 10. O-O Re8 11. Na3 $5 (
11. Be3 Bxe3 12. fxe3 Bg6 13. Qd4 Nbd7 14. Nd2 Nb6 15. d6 Re6 16. Ndxe4 Nxe4
17. Nxe4 Bxe4 18. Bxe4 Rxd6 19. Qc5 Rd7 20. Qc2 g6 21. Rad1 Rc8 22. Qb3 Qe7 23.
Rxd7 Qxd7 24. Rd1 Qe7 25. Rd4 Rc7 $44 {Varga,Zo-Shinkevich,V/Budapest FS02 GM/
1996/}) 11... Nbd7 12. Nc2 Nb6 13. Be3 Bf8 14. Bg5 h6 15. Bxf6 Qxf6 16. Ne3
Rad8 17. Nxf5 Qxf5 18. Qc2 Qc8 19. Qb3 Qf5 20. Rad1 Qe5 21. Bxe4 Bc5 22. Bf3
$18 {Varga,Z-Kummerow,H/Recklinghausen/1995/}) (8... Re8 9. Bg2 e4 10. Na3 (10.
O-O e3 11. f3 h5 12. Na3 a6 13. Ne4 Nxe4 14. fxe4 Nd7 15. Qb3 Nf6 16. Bxe3
Bxe3+ 17. Qxe3 Nxd5 18. Qd4 Nf6 19. Qxd8 Rxd8 20. Rfd1 Be6 21. b3 Ng4 22. e5
Rxd1+ 23. Rxd1 Rb8 24. Bf3 Nxe5 25. Bxh5 Rc8 26. Bf3 $14 {Ubilava,E-Hodgson,JM/
ESP-chT/1993/}) 10... e3 11. Bxe3 Bxe3 12. fxe3 Ng4 13. Nc2 Qb6 14. O-O Qxb2
15. Qd3 Qb6 16. d6 Ne5 17. Qb5 Nbd7 18. Qxb6 Nxb6 19. Nb4 Rd8 20. Rfd1 Nec4 21.
Nbd5 Kf8 22. Rd4 Nxd5 23. Nxd5 b5 24. Nb4 Rb8 25. Nc6 $18 {Hausner,I-Hall,J/
Rilton-Cup/1988/}) 9. e3 (9. Ne4 Bb6 10. h3 f5 11. hxg4 fxe4 12. e3 Qf6 13. Rh2
Na6 (13... Nd7 14. Nc3 Qg6 15. g5 Nc5 16. b4 Na6 17. a3 Bf5 18. Qh5 Qd6 19. Bg2
Bg6 20. Qh3 Bf5 21. g4 Bg6 22. Nxe4 Qc7 23. Bd2 Qc2 24. Rc1 Qd3 25. Rc3 Qb1+
$10 {Tobyas,M-Knazovcik,L/Praha ch-CS/1992/}) 14. Nc3 Qg6 15. Bxa6 bxa6 16. g5
Bf5 17. Qa4 Rac8 18. Bd2 Bd8 19. O-O-O Bg4 20. Re1 Bxg5 21. Kb1 Rfd8 22. Reh1
$13 {Hausner,I-Mainka,R/BL 8990/1990/}) 9... f5 10. Be2 Nf6 11. a3 (11. O-O a6
12. a4 Nbd7 13. Qb3 e4 14. Qc4 $6 b5 15. Qb3 b4 16. d6+ Kh8 17. Nd5 Bxd6 18.
Rd1 Nc5 19. Qc2 Nxd5 20. Rxd5 Be6 $17 {Kantorik,M-Hudecek,J/Praha ch-CS/1992/})
11... Nbd7 12. b4 Bd6 13. Nd2 Nb6 14. e4 $1 $146 (14. Nb3 $6 Kh8 15. Ra2 Bd7
16. Nc5 Bxc5 17. bxc5 Nbxd5 $1 18. Nxd5 Ba4 19. Qd3 Nxd5 20. O-O Bc6 21. Rd2
Qe7 22. Qc4 Nf6 23. f3 f4 $36 {Peshina-Vaganjan/Spartakiad/1979/}) (14. O-O e4
$5 $44 (14... Nbxd5 15. Nxd5 Nxd5 16. Qb3 Be6 17. Bc4 Be7 18. Rd1 $16 (18. e4
$5 $36))) 14... Kh8 (14... fxe4 15. Ndxe4 $16) 15. Bb2 (15. f3 $6 fxe4 16. fxe4
Bh3 $40 {[%csl Re1][%cal Gf8f1] עe1,<->f}) 15... fxe4 16. Ncxe4 $5 (16. Ndxe4
Nbxd5 $1 (16... Nfxd5 $2 17. Nxd5 Nxd5 18. Bc4 $18) 17. Nxd6 (17. Nxd5 Nxe4 $13
) 17... Qxd6 18. O-O $14 {was also playable, but White wants to activate his
Bb2 as soon as possible. He is even willing to give back his pawn to end
development and castle.}) 16... Bh3 {Black goes for a desperate counterattack.}
(16... Nfxd5 $142 17. Nc4 (17. Nxd6 Qxd6 18. Nc4 Nxc4 19. Bxc4 Be6 20. O-O Qc6
$14) 17... Bc7 (17... Nxc4 $2 18. Bxc4 Be6 19. O-O $18) 18. O-O $36) (16...
Nbxd5 17. Nxd6 Qxd6 18. Nc4 $16) 17. Ng5 Bg2 (17... Bd7 18. Ne6 (18. Nde4 Nfxd5
$1 $13) 18... Bxe6 19. dxe6 $16) (17... Qd7 $5 18. Nxh3 Qxh3 19. Bf1 Qf5 20.
Bg2 Nfxd5 21. O-O $16) 18. Ne6 Qd7 19. Rg1 Bxd5 20. Nxf8 Rxf8 21. Rc1 Qe6 (
21... Qh3 22. Nf1 $16 {[%cal Rf1e3] /\Ne3}) 22. f3 a6 $6 {After this passive
move White defends. Black still had fighting chances after} (22... Qh3 23. Nf1
Rd8 $16) (22... e4 23. Nxe4 Bxe4 $5 (23... Nxe4 24. fxe4 Bxe4 25. Qd4 Qg6 26.
Rd1 $18) 24. fxe4 Nxe4 25. Qd4 Qe7 26. Rg2 $16) 23. Rf1 Qh3 24. Rf2 Ng4 $6 (
24... Re8 25. Ne4 $18) (24... Rd8 $142 25. Bd3 {[%cal Yd1e2,Yd2e4] /\Qe2,Ne4})
25. fxg4 Rxf2 26. Kxf2 Qxh2+ 27. Ke3 $8 (27. Kf1 $4 Qg2+ 28. Ke1 Qxg3+ 29. Kf1
Bg2+ 30. Kg1 Bh3+ $19) 27... Qxg3+ (27... e4 28. Nxe4 Qh6+ 29. g5 $18) 28. Bf3
h5 (28... e4 29. Nxe4 Bf4+ 30. Kd3 $18) 29. Qg1 Qf4+ 30. Ke2 Nc4 (30... e4 31.
Bxe4 $1 Bxe4 32. gxh5 Be5 33. Rf1 $18) 31. Rxc4 $1 Bxc4+ 32. Ke1 $18 h4 (32...
hxg4 33. Qh1+ $1 Kg8 (33... Qh6 34. Qxh6+ gxh6 35. Nxc4) 34. Bd5+ $18) 33. Qf2
Be7 (33... h3 34. Nxc4 Qxc4 35. Qh4+ Kg8 36. Qd8+ Bf8 37. Bd5+) 34. Nxc4 Qxc4
35. Qe2 Qb3 36. Qxe5 (36. Qxe5 Bf6 37. Qh5+ Kg8 38. Bd5+) 1-0

[Event "Groningen"]
[Site "Groningen"]
[Date "1991.??.??"]
[Round "6"]
[White "Hansen, Curt"]
[Black "Ftacnik, Lubomir"]
[Result "1-0"]
[WhiteElo "2600"]
[BlackElo "2575"]
[Annotator "Stohl,I"]
[PlyCount "73"]
[EventDate "1991.12.??"]
[EventType "tourn"]
[EventRounds "9"]
[EventCountry "NED"]
[EventCategory "13"]
[SourceTitle "CBM 027"]
[Source "ChessBase"]
[SourceDate "1992.04.01"]
[SourceVersion "1"]
[SourceVersionDate "1992.04.01"]
[SourceQuality "1"]

1. c4 {Ernst Ftacnik Kortschnoj Ribli} Nf6 2. Nc3 c5 3. Nf3 b6 4. e4 Nc6 $6 (
4... Bb7 5. e5 Ne4 6. Ne2 $1 {/\d3+-}) (4... d6 5. d4 (5. g3 Bb7 6. Qe2 Nc6 7.
d3 g6 8. Bg2 Bg7 9. O-O O-O 10. Rb1 Nd7 11. a3 a6 12. Be3 Nd4 13. Qd1 Rb8 14.
Ne2 e5 15. Qd2 f5 $15 {Moutousis,K-Marinkovic,I,Vrnjacka Banja 1990}) 5... cxd4
6. Nxd4 Bb7 7. Qe2 (7. f3 Nbd7 8. Be3 e6 9. Qd2 a6 10. Be2 Rc8 11. O-O Be7 12.
Rac1 O-O 13. Rfd1 Re8 14. Bf1 Ne5 {Stohl,I-Yudasin,L,Novi Sad olm 1990-TD 90_06
} 15. Na4 $5 $14) 7... e6 (7... Nbd7 8. g3 Rc8 $6 9. Bg2 a6 10. O-O Qc7 11. b3
e6 12. Nd5 $1 $40 {Kasparov,G-Salov,V,Barcelona WCup 1989-CBM 12}) 8. g3 (8. g4
$5 $13) 8... Be7 9. Bg2 a6 10. O-O Qc7 11. Be3 O-O 12. Rac1 Re8 13. h3 Nbd7 14.
g4 h6 15. f4 Nh7 $132 {Ehlvest,J-Kudrin,S,New York op 1990-EXP 16}) (4... d6 {
Ribli}) 5. d4 cxd4 6. Nxd4 Bb7 7. f3 (7. Bg5 $6 Qb8 8. Nxc6 Bxc6 9. Bd3 e6 10.
O-O Bb4 11. Re1 Qe5 12. Bd2 h5 13. Qf3 Ng4 14. Bf4 Qd4 15. Bf1 Bc5 16. Re2 f5
$1 $40 {Spraggett,K-Nogueiras,J,Montpellier 1985 ct}) (7. Be2 e6 8. O-O Bb4 $6
9. Ndb5 Qb8 10. a3 Be7 11. Be3 a6 12. Nd4 Nxd4 13. Qxd4 Bc5 14. Qd3 Qe5 15. f4
Bxe3+ 16. Qxe3 Qc5 17. Qxc5 bxc5 18. Bf3 d6 19. Rad1 O-O-O 20. Rd3 $14 {
_|_,Ljubojevic,L-Winants,L,Brussels 1987-CBM 02}) (7. Bf4 $5 d6 8. Nf3 g6 9.
Qd2 Bg7 10. Be2 Rc8 {/\Na5-/+} 11. Bh6 O-O 12. Bxg7 Kxg7 13. b3 $14 {(),Tal,
M-Winants,L,Brussles 1987-CBM 02}) (7. Be3 e6 8. f3 {-7.f3}) 7... e6 8. Be3 Qb8
(8... Rc8 {Ribli} 9. Ndb5 d6 10. Bf4 e5 11. Be3 a6 12. Na3 Be7 13. Be2 O-O 14.
O-O Nd4 15. Kh1 Ne6 16. Nc2 Nf4 17. Nb4 $14 {Gelfand,B-Sokolov,I Amsterdam op
1988 46/(49)}) 9. Qd2 Be7 10. g4 O-O 11. O-O-O (11. g5 Nh5 12. Nxc6 (12. O-O-O
$13 {Kortschnoj}) 12... Bxc6 13. O-O-O f5 $5 $132) 11... Rc8 {N} (11... Nxd4
12. Bxd4 d6 (12... Rc8 13. Kb1 a6 14. h4 $36) 13. g5 Nd7 14. Kb1 Rc8 15. Be2 a6
(15... Ne5 $142 $5 $132) 16. h4 Ne5 17. h5 b5 18. g6 $1 fxg6 19. hxg6 hxg6 20.
Bxe5 dxe5 21. cxb5 $16 {Kortchnoi,V-Winants,L,Brussels 1987-CBM 02} (21. cxb5 {
Ftacnik} axb5 22. Nxb5 $16 {Kortchnoi-Winants/Bruxelles/1987/})) (11... Rd8 {
Ribli} 12. g5 Nh5 13. Ndb5 $1 Ne5 14. Be2 Qc8 15. c5 $1 $16 {Suba,M-Adorjan,A
Pinerolo 1987 44/33}) 12. g5 Ne8 (12... Nh5 $5 {Kortschnoj}) (12... Nh5 {
Ftacnik} 13. Nxc6 (13. Nde2 $6 Ne5 14. Ng3 Nxf3 15. Qxd7 Nxg3 16. hxg3 Bxg5 $17
) 13... Bxc6 14. Kb1 a6 15. f4 $40) 13. Nxc6 $1 (13. h4 Ne5 $36) (13. Kb1 $2 {
Kortschnoj} Ne5 {/\ ...Ne5}) 13... Bxc6 (13... dxc6 {Ftacnik} 14. h4 Rd8 15.
Bd3 $14) 14. Kb1 (14. h4 $5 {Kortschnoj}) (14. h4 {Ftacnik} b5 15. cxb5 Bxb5
16. Bxb5 Qxb5 17. Qxd7 Qa5 18. Kb1 (18. Qxe7 Rxc3+ 19. Kb1 Rxe3 20. Rd7 Rxf3
$19) 18... Bb4 $40) 14... a6 (14... g6 15. h4 Ng7 16. Bf4 $16) 15. h4 b5 16. h5
$1 bxc4 (16... b4 {Ftacnik} 17. Ne2 d5 18. exd5 exd5 19. Nd4 (19. cxd5 Rd8 20.
Nf4 Bxg5 21. Bc4 Nd6 22. Bb3 Nf5 23. Qg2 Nxe3 24. Qxg5 h6 $1) 19... dxc4 20.
Bxc4 Be4+ 21. fxe4 Rxc4 22. Nf5 Bf8 23. Qd5 $16) 17. g6 $40 fxg6 $6 (17... Bf6
$142 $5 18. Bg5 $36 (18. Bd4 {Ftacnik} Bxd4 19. gxf7+ Kxf7 20. Qxd4 Qf4 21.
Bxc4 $14) (18. gxh7+ Kxh7 19. Bd4 Bxd4 20. Qxd4 Qf4 $13)) 18. hxg6 hxg6 $8 (
18... h6 19. Bxh6 $18 (19. Bxh6 {Ernst} gxh6 20. Qxh6 $18)) 19. Rg1 (19. Bf4 {
Ftacnik} Qb4 20. Qh2 Rab8 $5 21. Bxb8 Rxb8 22. Ka1 Bf6 $44) 19... Bf6 (19...
Kf7 20. Qg2 $18 (20. Qg2 {Ftacnik} g5 21. Bxg5 Bxg5 22. Qxg5 Qb4 $14)) 20. Rxg6
Kf7 21. Rg2 $1 {><b2} (21. Rg1 {Ftacnik} Qb4 22. Bd4 Bxd4 23. Qxd4 Rab8 24. Rd2
Qb6 $10) 21... d5 $2 (21... Qb7 22. Bxc4 $36) (21... Qb4 {Kortschnoj} 22. Bd4
$13 (22. Bd4 {Ftacnik} Bxd4 23. Qxd4 Rab8 24. Qe5 (24. Bxc4 $5 $14) 24... Nf6
25. Qg5 Rg8 26. Ka1 $13)) 22. exd5 exd5 23. Nxd5 (23. Bg5 {Ftacnik} Ra7 24.
Bxf6 (24. Nxd5 Bxb2 $1) 24... Nxf6 25. Qg5 Kf8 $13) 23... c3 24. Qd3 $1 (24.
Nxc3 $2 Bxf3 $17 (24... Bxc3 $6 25. Bc4+ $40) (24... Bxf3 {Ftacnik} 25. Qd7+
Kf8 $13)) 24... Ba4 (24... cxb2 25. Qg6+ Kf8 26. Bc5+ $18) (24... c2+ {
Kortschnoj} 25. Qxc2 $1 Bxd5 26. Qg6+ Ke6 27. Rxd5 $18) 25. Qg6+ (25. Nxc3 {
Ftacnik} Rxc3 (25... Bxd1 26. Qd5+ Kf8 27. Bc5+ Rxc5 28. Qxc5+ Qd6 29. Qxd6+
Nxd6 30. Nxd1 $14) 26. Qd5+ Kf8 27. Bc5+ Rxc5 28. Qxc5+ Be7 29. Qf5+ Nf6 $13)
25... Kf8 (25... Ke6 {Kortschnoj} 26. Qg4+ {/\ Qa4 +-}) 26. Nxf6 $1 c2+ (26...
gxf6 27. Bh6+ Ke7 28. Re2+ $18) (26... Nxf6 27. Qxg7+ Ke8 28. Qh8+ $18) 27.
Rxc2 Rxc2 (27... Bxc2+ 28. Qxc2 Nxf6 (28... Rxc2 29. Nd7+ $18 (29. Nd7+ {
Kortschnoj} Ke7 30. Nxb8 $18)) (28... gxf6 29. Bc5+ Kg7 30. Rd7+ $18) 29. Bc5+
Kg8 30. Bc4+ $18 (30. Bc4+ {Ftacnik} Kh8 31. Rh1+ $18)) 28. Nd7+ Bxd7 29. Qxc2
$18 {->עf8} Be6 30. Qc5+ Kf7 (30... Kg8 31. Bc4 $18 (31. Bc4 {Ftacnik} Bxc4
32. Qxc4+ $18)) 31. Rd7+ $1 (31. Bc4 {Ftacnik} Qc8 $1 $8 32. Qxc8 Rxc8 33. Bxa6
Ra8 $16) 31... Bxd7 (31... Kg8 32. Re7 (32. Bc4 $18 {Ftacnik}) 32... Bf7 (32...
Qc8 33. Rxe6 $1 Qxe6 34. Bc4 $18) 33. Rxf7 Kxf7 34. Bc4+ Kg6 35. Qg5+ $18) 32.
Bc4+ Be6 $8 (32... Kg6 33. Qg5+ Kh7 34. Qh5#) 33. Qf5+ Ke7 $8 (33... Nf6 {
Ftacnik} 34. Qxe6+ Kg6 35. Bd3+ Kh5 36. Qh3#) 34. Qxe6+ Kd8 35. Bb6+ Nc7 36.
Bd5 {/\Ba8,Qd6} (36. Qc6 $18 {Ftacnik}) 36... Ra7 37. Bc6 $1 {/\Qd7,Qe8#} (37.
Qg8+ $18 {Ftacnik}) 1-0

[Event "Yongchuan zt 3.3"]
[Site "Yongchuan"]
[Date "2003.07.23"]
[Round "11"]
[White "Bu, Xiangzhi"]
[Black "Xu, Jun"]
[Result "1-0"]
[WhiteElo "2588"]
[BlackElo "2626"]
[Annotator "Stohl,I"]
[PlyCount "69"]
[EventDate "2003.07.11"]
[EventType "tourn"]
[EventRounds "11"]
[EventCountry "CHN"]
[EventCategory "12"]
[SourceTitle "CBM 097"]
[Source "ChessBase"]
[SourceDate "2003.11.11"]
[SourceVersion "1"]
[SourceVersionDate "2003.11.11"]
[SourceQuality "1"]

{[%mdl 2]} 1. Nf3 {Kortschnoj} c5 2. c4 Nf6 3. d4 cxd4 4. Nxd4 e5 5. Nb5 d5 {
Kortschnoj: 'This gambit, introduced into modern practice by Juan Bellon, has
a rather good reputation - black gets a lead in development and gains some
extra space at the king side.'} 6. cxd5 a6 (6... Bc5 $142 {is the usual
continuation. As White often plays} 7. N5c3 {anyway, the text-move is not
ideal. Although a6 is often a useful move in this gambit line, it's certainly
more flexible to play it later.}) (6... Qa5+ 7. N5c3 b5 8. Nd2 b4 9. Nce4 Nxe4
10. Nxe4 Bb7 11. Ng3 Qxd5 12. Qxd5 Bxd5 13. e4 Be6 14. Bb5+ Bd7 15. Bc4 Bc5 16.
Be3 Bxe3 17. fxe3 Nc6 18. O-O O-O 19. Nf5 Nd8 20. Rac1 a5 21. Bd5 Ra7 22. Nd6
$36 {Aseev,K-Vasiljevic,D/Budapest/1989/}) 7. N5c3 Bc5 (7... e4 $2 8. Nxe4 $1
$16 {/\} Nxe4 9. Qa4+) (7... b5 8. a3 $16) 8. e3 O-O 9. Be2 e4 10. Nd2 Bf5 $6 {
Here the B is exposed and as White hasn't yet castled, he may start a >>
P-storm.} (10... Qe7 $142 11. Qc2 (11. a3 Rd8 12. b4 Bd6 13. Nc4 Bf5 14. Bb2
Nbd7 15. Nxd6 Qxd6 16. Qd4 h5 17. h3 h4 18. O-O Rac8 19. Rac1 Nb6 20. f4 Nbxd5
21. Nxd5 Qxd5 22. Rfd1 Rxc1 23. Rxc1 Qxd4 24. Bxd4 Nd5 25. Rd1 Rc8 26. Rd2 Nc3
$11 {Smagin,S-Magem Badals,J/Cap d'Agde/1996/}) 11... Re8 12. Nb3 Bd6 13. Nd4
Qe5 14. Bd2 Nxd5 15. Nxd5 Qxd5 16. Qb3 Qg5 17. h4 $5 Qe7 (17... Qxg2 18. O-O-O
Qg6 $13) 18. O-O-O Be5 19. Bc3 b5 20. Kb1 Bxd4 21. exd4 Nd7 22. d5 e3 23. d6
Qe4+ 24. Bd3 Qg4 25. f3 Qh5 26. g4 $36 {Romanishin,O-Loncar,R/Bled/2000/}) (
10... Re8 11. a3 Qc7 12. Nf1 $6 (12. Qc2 $142 Bf5 13. g4 $36) 12... Qe5 13. Ng3
Nbd7 14. O-O Bd6 15. f4 exf3 16. Bxf3 Nc5 17. e4 Qe7 18. Re1 Qc7 19. Nf1 Be5
20. Be3 Bxc3 21. bxc3 Nfxe4 22. Bd4 Bf5 23. Ne3 Bg6 24. c4 Nd6 $15 {Moravec,
M-Voloshin,L/CZE-chT/1995/}) 11. a3 $146 (11. Nb3 $143 Bd6 12. Nd4 Bg6 $44 13.
b3 Nbd7 14. Bb2 Re8 15. Qd2 Rc8 16. O-O-O $2 Qa5 17. Nc2 Ne5 18. Kb1 Nd3 19.
Rhf1 (19. Nxe4 Nb4 $1 $19) 19... Nxb2 20. Kxb2 Be5 21. Nd4 Nxd5 22. Nxd5 Qxd5
$17 {Cheremisin,F-Kosikov,A/Lutsk/1986/}) 11... Re8 ({The alternative was} 
11... b5 {(Kortschnoj) , preventing eventual Nc4, on order in case of b2-b4 to
put the bishop to d6.}) 12. b4 Ba7 13. g4 $1 {[%mdl 128] From now on White
concentrates on his >>->.} Bg6 14. Bb2 (14. h4 $5 h6 15. Qb3 $16) 14... h6 ({
Somewhat better was} 14... Nxd5 15. h4 (15. Nxd5 Qxd5 16. h4 $36) 15... Nxc3
16. Bxc3 h6 (16... f6 17. g5 $40 {/\} fxg5 18. Bc4+ Kf8 19. h5 Bf5 20. h6 $16)
17. g5 $36 {/\} hxg5 18. h5 Bh7 19. h6 $40) 15. Nc4 b5 16. Na5 Bb6 17. h4 $5 {
White consistently continues his attack.} (17. Nb3 Nbd7 $44) 17... Bxa5 18.
bxa5 Nbd7 (18... Qxa5 19. g5 hxg5 20. hxg5 Nh7 21. a4 $5 b4 22. Qd4 $1 $16) 19.
g5 hxg5 20. hxg5 Nh7 21. d6 $6 {'!' Kortschnoj. Kortschnoj: 'Very strong. A
threat is Nc3-d5-c6, as well as Qd4, attacking the square g7. '} (21. Qd4 $142
$1 Qxa5 22. Kf1 {/\} Qb6 23. Nxb5 Qxd4 24. Nxd4 Nxg5 25. Nc6 $16) 21... Ne5 {
'?' Kortschnoj.} (21... Qxa5 22. Kf1 $5 {[%cal Rc3d5,Rd1d4] /\Nd5,Qd4+/-} (22.
Qd2 Nxg5 23. Nxe4 Qxd2+ 24. Nxd2 Rac8 $14)) (21... Nxg5 $5 22. Nd5 Ne5 {
transposes into a line, which we will see below.}) ({The threat Nd5 had to be
prevented by} 21... Re6 $1 {(Kortschnoj) , say} {The critical line:} 22. Bg4 (
22. Nd5 Rxd6 23. Qd4 Ndf6 $1 {with better prospects for black.} (23... Qf8 $2
24. Ne7+)) ({Or} 22. Qd4 Qxa5 {threatening with Qb6} {(} 23. a4 bxa4 {)}) 22...
Ne5 23. Bxe6 Nd3+ 24. Kf1 fxe6 $1 {- having lost an exchange, black however
took over the initiative!}) 22. Nd5 (22. Qd4 Nxg5 23. O-O-O Qd7 $13) 22... Nd3+
$2 (22... Qxd6 $4 23. Nf6+ $18) (22... Nxg5 $1 23. Nc7 (23. Ne7+ $6 Rxe7 24.
dxe7 Ngf3+ 25. Kf1 Qxe7 $15) (23. Bxe5 Rxe5 24. Nc7 Rc8 25. Qd4 Qf6 26. Nxa6
Rd8 $13) 23... Nd3+ (23... Ngf3+ 24. Kf1 Nc4 25. Bxc4 bxc4 26. Nxa8 Qxa8 27.
Qa4 $16) 24. Bxd3 exd3 25. Nxe8 Qxe8 26. Rg1 Qd8 $132) (22... Qxa5+ $2 23. Bc3
$18) 23. Bxd3 exd3 24. Qg4 $1 {[%mdl 64] White activates his Q, the most
important attacking piece. Only with it's help he can make the most of the
tactical possibilities in the position.} (24. Nc7 Nxg5 $13 {-22...Ng5!}) 24...
Qxd6 {'?' Kortschnoj. Kortschnoj: 'This move meets an immediate refutation.
More difficult would be to prove decisive advantage of white after Qg5.'} (
24... Nxg5 $2 25. Ne7+ $1 Rxe7 26. Qxg5 $1 d2+ 27. Ke2 $1 (27. Kd1 $6 Bc2+ $1
$132) 27... Qxd6 28. Rh8+ $1 Kxh8 29. Qh6+ Kg8 30. Qxg7#) ({After} 24... Qxg5 {
White has a choice:} 25. Qd4 $142 $5 (25. Qxg5 Nxg5 26. d7 (26. Nc7 Bf5 $5 $14)
26... Red8 27. Ne7+ Kf8 28. Nxg6+ (28. Nc6 Kg8 29. Nxd8 Rxd8 30. Rc1 Bf5 31.
Rh5 f6 $14) 28... fxg6 29. Rd1 Ra7 30. Rh8+ Ke7 31. Rxd8 Nf3+ 32. Kf1 Kxd8 33.
Rxd3 Rxd7 34. Rxd7+ Kxd7 35. Ke2 Ng1+ 36. Kd3 $16) 25... Be4 26. Kd2 Bxh1 (
26... Bxd5 27. Rag1 Bg2 28. Rh2 Re4 29. Qxd3 $18) 27. Rxh1 $40) 25. Qd4 Qf8 26.
Rxh7 $1 Kxh7 (26... Bxh7 27. Nf6+ Kh8 (27... gxf6 28. Qxf6 d2+ 29. Ke2 $18) 28.
Kd2 Re6 (28... Rec8 29. Rh1 Rc2+ 30. Kd1 $18) (28... Rad8 {Kortschnoj} 29. Rh1
$18) (28... Re6 29. Nxh7 $18) 29. Nxh7 {'+-' Kortschnoj.} Kxh7 30. Rh1+ Kg8 (
30... Kg6 31. Qxd3+ f5 (31... Kxg5 32. Qd5+ Kg6 33. Qh5#) 32. gxf6+ Kf7 33.
Qd7+ $18) 31. Qh4 f5 $8 32. gxf6 $18 {->}) 27. Kd2 Be4 (27... Rad8 28. Nf6+ $1
gxf6 29. Rh1+ $18) (27... Re4 {Kortschnoj} 28. Rh1+ Kg8 29. Nf6+) 28. f3 $1
Bxd5 $8 (28... Bxf3 29. Qh4+ Kg6 (29... Kg8 30. Nf6+ gxf6 31. Bxf6 $18) 30.
Nf4+ Kf5 31. Qh7+ g6 32. Rf1 $1 {Kortschnoj: 'etc.'} Rac8 (32... Ke4 33. Qh3
$18) 33. Qh3+ Bg4 34. Nxd3+ Ke6 35. Qxg4+ $18) 29. Rh1+ Kg6 (29... Kg8 30. Qh4
f6 31. g6 $18) 30. Qg4 Qh8 (30... Bxf3 31. Qxf3 Qe7 (31... f6 32. Qh5+ Kf5 33.
gxf6+ $18) 32. Qh5+ Kf5 33. Rf1+ Ke6 34. Qg4+ Kd6 35. Qd4+ Ke6 (35... Kc6 36.
Rc1+ Kb7 37. Qb6#) 36. Qe5+ Kd7 37. Qd5+ $18) (30... Qc5 {Kortschnoj} 31. Qh5+
Kf5 32. Qh3+ Kg6 33. Qh7+ Kxg5 34. Rg1#) 31. Rxh8 Rxh8 32. Qd4 Rh2+ 33. Kxd3
Bc4+ 34. Kc3 Re8 $2 {After a series of forced moves Black overlooks a simple
threat and loses on the spot-tactical defence is very demanding. However,
White would win even after other moves:} (34... Rah8 35. Kb4 $1 Rxb2+ (35...
R2h7 36. Qe4+ Kh5 37. g6 fxg6 38. Qg4+ Kh6 39. Qh4#) 36. Qxb2 Re8 37. Qd4 $18)
(34... Rhh8 35. Kb4 Rag8 36. f4 $18 {->}) 35. Qd6+ {[%csl Rh2] צh2} 1-0